[Event "Schools-U15-17Open"]
[Site "Tehran2016"]
[Date "2016.07.10"]
[Round "7.10"]
[White "Nurmamedov, Azat"]
[Black "Jahedi, Mani"]
[Result "1-0"]
[BlackElo "1737"]
[WhiteElo "1691"]
[LiveChessVersion "1.4.8"]

1. e4 {[%clk 0:15:19]} c5 {[%clk 0:15:11]} 2. Nf3 {[%clk 0:15:28]} Nc6
{[%clk 0:15:21]} 3. d4 {[%clk 0:15:35]} cxd4 {[%clk 0:15:29]} 4. Nxd4
{[%clk 0:15:44]} g6 {[%clk 0:15:38]} 5. Nc3 {[%clk 0:15:25]} Bg7 {[%clk 0:15:35]}
6. Be3 {[%clk 0:15:34]} Nf6 {[%clk 0:15:41]} 7. Bc4 {[%clk 0:15:42]} O-O
{[%clk 0:15:35]} 8. Bb3 {[%clk 0:15:49]} a5 {[%clk 0:15:44]} 9. O-O
{[%clk 0:15:34]} a4 {[%clk 0:15:35]} 10. Bc4 {[%clk 0:13:46]} Ne5
{[%clk 0:14:55]} 11. Be2 {[%clk 0:13:51]} a3 {[%clk 0:14:24]} 12. b3
{[%clk 0:13:18]} d6 {[%clk 0:13:33]} 13. h3 {[%clk 0:13:08]} Bd7 {[%clk 0:12:44]}
14. f4 {[%clk 0:12:36]} Nc6 {[%clk 0:12:53]} 15. Bf3 {[%clk 0:11:13]} Qa5
{[%clk 0:09:13]} 16. Nd5 {[%clk 0:07:52]} Nxd5 {[%clk 0:08:44]} 17. exd5
{[%clk 0:07:28]} Nxd4 {[%clk 0:07:37]} 18. Bxd4 {[%clk 0:07:36]} Qb4
{[%clk 0:07:32]} 19. Bxg7 {[%clk 0:07:35]} Kxg7 {[%clk 0:07:41]} 20. c4
{[%clk 0:07:34]} Qc5+ {[%clk 0:07:33]} 21. Kh1 {[%clk 0:07:34]} b5
{[%clk 0:07:13]} 22. Rc1 {[%clk 0:07:33]} Qb6 {[%clk 0:06:13]} 23. Re1
{[%clk 0:07:27]} Rfe8 {[%clk 0:06:19]} 24. Qd2 {[%clk 0:05:32]} bxc4
{[%clk 0:05:37]} 25. Rxc4 {[%clk 0:05:22]} Bf5 {[%clk 0:04:54]} 26. Rb4
{[%clk 0:04:29]} Qa5 {[%clk 0:04:01]} 27. Qd4+ {[%clk 0:03:43]} Kg8
{[%clk 0:04:01]} 28. Re2 {[%clk 0:03:12]} Rac8 {[%clk 0:03:02]} 29. Ra4
{[%clk 0:03:07]} Qc7 {[%clk 0:03:11]} 30. Rc4 {[%clk 0:02:56]} Qd7
{[%clk 0:03:06]} 31. Kh2 {[%clk 0:02:07]} Rxc4 {[%clk 0:02:53]} 32. bxc4
{[%clk 0:02:11]} Qa4 {[%clk 0:02:46]} 33. Re3 {[%clk 0:01:49]} f6
{[%clk 0:01:04]} 34. Bd1 {[%clk 0:01:18]} Qb4 {[%clk 0:00:43]} 35. Bb3
{[%clk 0:01:27]} Kf7 36. Qd1 {[%clk 0:00:47]} Qc5 {[%clk 0:00:40]} 37. Qe2
{[%clk 0:00:46]} Qd4 {[%clk 0:00:42]} 38. Ba4 {[%clk 0:00:45]} Qa7
{[%clk 0:00:13]} 39. Bxe8+ {[%clk 0:00:52]} Kxe8 {[%clk 0:00:22]} 40. Qd2
{[%clk 0:00:53]} Qc5 {[%clk 0:00:25]} 41. Qc3 {[%clk 0:01:01]} Kf7
{[%clk 0:00:29]} 42. Re1 {[%clk 0:00:47]} Qf2 {[%clk 0:00:23]} 43. Qe3
{[%clk 0:00:54]} Qxa2 {[%clk 0:00:22]} 44. Qxe7+ Kg8 45. Qe8+ {[%clk 0:01:10]}
Kg7 {[%clk 0:00:41]} 46. Re7+ {[%clk 0:01:17]} Kh6 {[%clk 0:00:50]} 47. Qf8+
{[%clk 0:01:25]} Kh5 {[%clk 0:00:59]} 48. Rxh7# {[%clk 0:01:34]} 1-0

[Event "Schools-U15-17Open"]
[Site "Tehran2016"]
[Date "2016.07.10"]
[Round "7.11"]
[White "Daghli, Arash"]
[Black "Ahmadi, Ali"]
[Result "1-0"]
[BlackElo "1698"]
[WhiteElo "2024"]
[LiveChessVersion "1.4.8"]

1. d4 d5 2. c4 e6 3. Nf3 Nf6 4. g3 Be7 5. Bg2 O-O 6. O-O dxc4 7. Ne5 Nc6 8. Nxc6
bxc6 9. Bxc6 Rb8 10. e3 Bb7 11. Bxb7 Rxb7 12. Nd2 Qd5 13. Qc2 Qh5 14. Kg2 Ng4 15.
h3 Nf6 16. Qxc4 Rfb8 17. b3 h6 18. Nf3 Ne4 19. Qc6 Ng5 20. Nxg5 hxg5 21. Qf3 Qg6
22. Bd2 Bd6 23. Rfc1 Rb5 24. e4 f5 25. e5 Ba3 26. Rxc7 Bb2 27. Rd1 Bxd4 28. Bc3
Bb6 29. Rc4 Ba5 30. Bb2 Qf7 31. Qc6 R5b6 32. Qd7 R6b7 33. Qxf7+ Kxf7 34. Rd6 Rd8
35. Rcd4 Rxd6 36. Rxd6 Rc7 37. Bd4 Rb7 38. Be3 Bc3 39. Ra6 Bxe5 40. Rxa7 Rxa7 41.
Bxa7 Ke7 42. b4 Kd7 43. b5 Kc7 44. a4 Kb7 45. Be3 f4 46. gxf4 gxf4 47. Bc5 Bc7
48. Kf3 e5 49. Ke4 Kc8 50. f3 Kd7 51. Kd5 g5 52. b6 Bb8 53. a5 e4 54. a6 1-0

[Event "Schools-U15-17Open"]
[Site "Tehran2016"]
[Date "2016.07.10"]
[Round "7.12"]
[White "Nanayakkara, J A K Saranath"]
[Black "Thilakarathne, G M H"]
[Result "1/2-1/2"]
[BlackElo "1717"]
[WhiteElo "1462"]
[LiveChessVersion "1.4.8"]

1. d4 Nf6 2. c4 e6 3. Nf3 d5 4. Nc3 Bb4 5. a3 Bxc3+ 6. bxc3 O-O 7. Bg5 Nbd7 8.
cxd5 exd5 9. e3 c5 10. Bd3 Qa5 11. Qd2 c4 12. Bxf6 Nxf6 13. Bc2 Be6 14. O-O Ne4
15. Bxe4 dxe4 16. Ne1 Qd5 17. f3 exf3 18. Nxf3 Bf5 19. Ne5 Be4 20. Qf2 f6 21. Nf3
Rfe8 22. Rfe1 Re6 23. Nd2 Rae8 24. Nxe4 Rxe4 25. Qf3 f5 26. Rab1 f4 27. Re2 Qc6
28. Rbe1 fxe3 29. Rxe3 Rxe3 30. Rxe3 Qxf3 31. Rxe8+ 1/2-1/2